00546nam a2200193Ia 4500003000400000008004100004040001600045082001700061100001900078245005800097700002500155260005400180300000900234650002600243650002100269650001800290650002000308650002400328GCL140319s9999 xx 000 0 eng d aGCL / cGCL04a658.812bB C1 aBECKER, DENNIS10aCUSTOMER SERVICE AND THE TELEPHONE / cBECKER, DENNIS1 aBECKER, PAULA BORKUM a[S.N] : bIRWIN PROFESSIONAL PUBLISHING ، c1994 a94 P04aTELEPHONE IN BUSINESS04aCUSTOMER SERVICE04aCOMMUNICATION04aBUSINESS SKILLS04aTELEPHONE ETIQUETTE